ELECTRONIC FOR THE PHYSICIST WITH APPLICATIONS (Record no. 580204)

000 -LEADER
fixed length control field 00389nam a22001337a 4500
020 ## - INTERNATIONAL STANDARD BOOK NUMBER
International Standard Book Number 0-85312-159-1
082 ## - DEWEY DECIMAL CLASSIFICATION NUMBER
Classification number 621.38102453 DEL'E
100 ## - MAIN ENTRY--PERSONAL NAME
Personal name DELANEY, C. F. G
9 (RLIN) 74700
245 ## - TITLE STATEMENT
Title ELECTRONIC FOR THE PHYSICIST WITH APPLICATIONS
260 ## - PUBLICATION, DISTRIBUTION, ETC.
Place of publication, distribution, etc. NEWYORK
Name of publisher, distributor, etc. JOHN WILEY
Date of publication, distribution, etc. 1980
300 ## - PHYSICAL DESCRIPTION
Extent 306P
650 ## - SUBJECT ADDED ENTRY--TOPICAL TERM
Topical term or geographic name entry element ELECTRONIC APPARATUS AND APPLICATIONS PHYSICAL INSTRUMENTS
9 (RLIN) 74701
942 ## - ADDED ENTRY ELEMENTS (KOHA)
Koha item type Book
Holdings
Withdrawn status Lost status Damaged status Not for loan Permanent Location Current Location Shelving location Date acquired Total Checkouts Full call number Barcode Date last seen Price effective from Koha item type
        College of Electrical & Mechanical Engineering (CEME) College of Electrical & Mechanical Engineering (CEME) General Stacks 05/09/2017   621.38102453 DEL'E CEME-15401 06/28/2021 06/28/2021 Book
© 2023 Central Library, National University of Sciences and Technology. All Rights Reserved.